Statistics for Solve the Secret Musical Instrument

Click here to take the quiz!

General Stats

  • This quiz has been taken 152 times
  • The average score is 13 of 21

Answer Stats

Scramble Musical Instrument % Correct
ABJNOBanjo
92%
EFLTUFlute
91%
AILOVViola
90%
ELRYLyre
89%
CCILOOPPiccolo
84%
AGNOROrgan
82%
BEMNOORTTrombone
82%
AGIRTUGuitar
78%
EHLNOOPXYXylophone
75%
ACCDINOORAccordion
71%
ACEILNRTClarinet
68%
ABCLMYCymbal
61%
ABNOOSSBassoon
60%
AEGILNRTTriangle
54%
CDEEORRRRecorder
51%
ADILMNNOMandolin
50%
ACDHHIOPRRSHarpsichord
43%
Secret InstrumentHARMONICA
23%
AACINOROcarina
22%
BDEEJMDjembe
21%
EEHIMNRTTheremin
13%

Score Distribution

Percentile by Number Answered

Percent of People with Each Score

Your Score History

You have not taken this quiz